Films de Sergio Leone - Mort subite - Statistiques

Statistiques générales
  • Ce quiz a été pris 125 fois
  • Le résultat moyen est 5 sur 8
Answers on the Grid
Answers color-coded by a green-red scale on the quiz's grid according to % correct below.
Les Derniers Jours de Pompei
Le Colosse de Rhodes
Pour une poignée de dollars
Et pour quelques dollars de plus
Le Bon, la Brute et le Truand
Il était une fois dans l'Ouest
Il était une fois la révolution
Il était une fois en Amérique
Impitoyable
Il était une fois dans l'Oued
Il était une fois le Bronx
La Horde sauvage
Apocalypse Now
Il était une fois
Mon nom est Personne
Les Sept Mercenaires
Le train sifflera trois fois
Spartacus
L'Homme qui tua Liberty Valance
La Grande Évasion
Une journée particulière
Le Voleur de bicyclette
Huit et demi
Rocco et ses frères
 
Statistiques - réponses
Réponse % Correct
Le Bon, la Brute et le Truand
88%
Pour une poignée de dollars
82%
Et pour quelques dollars de plus
79%
Il était une fois dans l'Ouest
79%
Il était une fois en Amérique
71%
Il était une fois la révolution
62%
Le Colosse de Rhodes
44%
Les Derniers Jours de Pompei
28%
Aucun quiz correspondant
Distribution des résultats
% des personnes avec chaque résultat
Percentile par nombre de réponses
Votre historique - résultats
Vous n’avez pas pris ce quiz